Entrada Término temático
Número de registros utilizados en: 1
001 - NÚMERO DE CONTROL
003 - IDENTIFICADOR DEL NÚMERO DE CONTROL
- campo de control:
DR-UNIBE
005 - FECHA Y HORA DE LA ÚLTIMA TRANSACCIÓN
- campo de control:
20250428133700.0
008 - DATOS DE LONGITUD FIJA
- campo de control de longitud fija:
250428|| aca||aabn | a|a d
040 ## - FUENTE DE LA CATALOGACIÓN
- Centro catalogador/agencia de origen:
DR-UNIBE
- Centro/agencia transcriptor:
DR-UNIBE
650 ## -
- :
Correspondencia política
- :
Exilio
- :
Siglo XIX
- :
Republica Dominicana
670 ## - FUENTE DE DATOS ENCONTRADOS
- Cita de la fuente:
Work cat.: (DR-UNIBE)113462: Gautier, Manuel María 1830-1897 194412 autor, Correspondencia política de Manuel María Gautier en el exilio /, 2024